|
|
|
|
| LEADER |
00000naa2a2200000 4500 |
| 001 |
630211 |
| 005 |
20231214092826.0 |
| 035 |
|
|
|a (RuTPU)RU\TPU\conf\31125
|
| 035 |
|
|
|a RU\TPU\conf\31123
|
| 090 |
|
|
|a 630211
|
| 100 |
|
|
|a 20191018d2019 k y0rusy50 ba
|
| 101 |
0 |
|
|a eng
|
| 102 |
|
|
|a RU
|
| 105 |
|
|
|a y z 100zy
|
| 135 |
|
|
|a drgn ---uucaa
|
| 181 |
|
0 |
|a i
|
| 182 |
|
0 |
|a b
|
| 200 |
1 |
|
|a Organic acids solid phase extraction as oil tracer agents
|f Ya. Ermolaev, A. A. Dudkina, M. A. Gavrilenko
|g sci. adv. M. A. Gavrilenko
|
| 203 |
|
|
|a Текст
|c электронный
|
| 225 |
1 |
|
|a Геология, горное и нефтегазовое дело (доклады на английском и немецком языках)
|
| 300 |
|
|
|a Заглавие с экрана
|
| 320 |
|
|
|a [Библиогр.: с. 697 (2 назв.)]
|
| 461 |
|
1 |
|0 (RuTPU)RU\TPU\conf\30471
|t Проблемы геологии и освоения недр
|o труды XXIII Международного симпозиума имени академика М. А. Усова студентов и молодых ученых, посвященного 120-летию со дня рождения академика К. И. Сатпаева, 120-летию со дня рождения профессора К. В. Радугина, Томск, 8-12 апреля 2019 г.
|o в 2 т.
|f Национальный исследовательский Томский политехнический университет, Инженерная школа природных ресурсов ; гл. ред. А. С. Боев ; под ред. Е. Ю. Пасечник
|d 2019
|
| 463 |
|
1 |
|0 (RuTPU)RU\TPU\conf\30475
|t Т. 2
|v [С. 696-697]
|d 2019
|
| 610 |
1 |
|
|a труды учёных ТПУ
|
| 610 |
1 |
|
|a электронный ресурс
|
| 610 |
1 |
|
|a твердофазная экстракция
|
| 610 |
1 |
|
|a органические кислоты
|
| 610 |
1 |
|
|a индикаторы
|
| 610 |
1 |
|
|a нефтяные месторождения
|
| 610 |
1 |
|
|a растворители
|
| 610 |
1 |
|
|a адсорбенты
|
| 700 |
|
1 |
|a Ermolaev
|b Ya.
|
| 701 |
|
1 |
|a Dudkina
|b A. A.
|
| 701 |
|
1 |
|a Gavrilenko
|b M. A.
|c Chemist
|c Associate Professor of Tomsk Polytechnic University, Candidate of chemical sciences
|f 1971-
|g Mikhail Alekseevich
|3 (RuTPU)RU\TPU\pers\33857
|9 17446
|
| 702 |
|
1 |
|a Gavrilenko
|b M. A.
|c Chemist
|c Associate Professor of Tomsk Polytechnic University, Candidate of chemical sciences
|f 1971-
|g Mikhail Alekseevich
|4 727
|
| 712 |
0 |
2 |
|a Национальный исследовательский Томский политехнический университет
|b Инженерная школа природных ресурсов
|b Отделение химической инженерии
|3 (RuTPU)RU\TPU\col\23513
|
| 801 |
|
2 |
|a RU
|b 63413507
|c 20191024
|g RCR
|
| 856 |
4 |
|
|u http://earchive.tpu.ru/handle/11683/56414
|
| 942 |
|
|
|c BK
|